<?xml version="1.0" encoding="UTF-8"?>
<marc:record xmlns:marc="http://www.loc.gov/MARC21/slim">
   <marc:leader>00000nam a2200000 a 4500</marc:leader>
   <marc:datafield ind1="1" ind2=" " tag="100">
      <marc:subfield code="a">Weißpflug, Maike</marc:subfield>
      <marc:subfield code="4">aut</marc:subfield>
      <marc:subfield code="e">Verfasser/-in</marc:subfield>
   </marc:datafield>
   <marc:datafield ind1="0" ind2="0" tag="245">
      <marc:subfield code="a">Hannah Arendt</marc:subfield>
   </marc:datafield>
   <marc:datafield ind1="0" ind2="0" tag="245">
      <marc:subfield code="b">die Kunst, politisch zu denken</marc:subfield>
   </marc:datafield>
   <marc:datafield ind1="0" ind2="0" tag="245">
      <marc:subfield code="c">Maike Weißpflug</marc:subfield>
   </marc:datafield>
   <marc:datafield ind1=" " ind2="1" tag="264">
      <marc:subfield code="a">Berlin</marc:subfield>
      <marc:subfield code="b">Matthes &amp; Seitz</marc:subfield>
      <marc:subfield code="c">2019</marc:subfield>
   </marc:datafield>
   <marc:datafield ind1="1" ind2=" " tag="520">
      <marc:subfield code="a">Angaben aus der Verlagsmeldung

Hannah Arendt. Die Kunst, politisch zu denken / von Maike Weißpflug

Seit ihrer Wiederentdeckung in den letzten Jahren ist Hannah Arendt aus den öffentlichen Debatten zu Freiheit, Unterdrückung und Flucht kaum mehr wegzudenken. Doch nicht nur, was sie dachte, ist von schlagender Aktualität, genauso bedeutsam ist, wie sie dachte.
Maike Weißpflug präsentiert uns eine unentdeckte Hannah Arendt und geht in ihrer mitreißend erzählten Studie den Quellen ihres höchst ungewöhnlichen Denkstils nach. Diese findet sie nicht in der Philosophie, sondern vor allem in ihren Lektüren von Dichtern wie Homer, Conrad und Brecht. Mit ihnen wendet sich die politische Theoretikerin gegen alle großen und umfassenden Erklärungen und Theorien und macht die kleinteilige und sinnliche Erfahrungswelt zu ihrem Ausgangspunkt: Die Kunst, politisch zu denken, besteht vor allem im Mut, sich zwischen alle Stühle zu setzen. Streitbar zu sein, setzt voraus, die Welt aus der Perspektive anderer betrachten zu können und trotzdem selbst zu denken.
</marc:subfield>
   </marc:datafield>
   <marc:datafield ind1=" " ind2=" " tag="020">
      <marc:subfield code="a">9783957577214</marc:subfield>
      <marc:subfield code="9">9783957577214</marc:subfield>
   </marc:datafield>
   <marc:datafield ind1=" " ind2=" " tag="020">
      <marc:subfield code="a">3957577217</marc:subfield>
      <marc:subfield code="9">3957577217</marc:subfield>
   </marc:datafield>
   <marc:datafield ind1=" " ind2=" " tag="041">
      <marc:subfield code="a">ger</marc:subfield>
   </marc:datafield>
   <marc:datafield ind1=" " ind2=" " tag="300">
      <marc:subfield code="a">317 Seiten</marc:subfield>
   </marc:datafield>
</marc:record>
